[Event "CZE-chT1W 2223"]
[Site "Czech Republic"]
[Date "2023.04.02"]
[Round "11.6"]
[White "Hlavina, Matous"]
[Black "Ludvik, Tomas"]
[Result "1/2-1/2"]
[WhiteElo "2105"]
[BlackElo "2231"]
[PlyCount "128"]
[EventDate "2022.10.09"]
[EventType "team-tourn"]
[EventRounds "11"]
[EventCountry "CZE"]
[SourceTitle "EXT 2024"]
[Source "ChessBase"]
[SourceDate "2023.10.10"]
[SourceVersion "1"]
[SourceVersionDate "2023.10.10"]
[SourceQuality "1"]
[WhiteTeam "Ricany Betsys II"]
[BlackTeam "Polabiny II"]
[WhiteTeamCountry "CZE"]
[BlackTeamCountry "CZE"]

1. e4 e6 2. d4 d5 3. exd5 exd5 4. Bd3 c5 5. dxc5 Bxc5 6. Nf3 Nf6 7. 0-0 0-0 8. Bg5 h6 9. Bh4 g5 10. Bg3 Nc6 11. Nbd2 Re8 12. Re1 Bg4 13. Rxe8+ Qxe8 14. Qe1 Qf8 15. Qf1 Nh5 16. Re1 Nxg3 17. hxg3 Qd6 18. Kh1 Qf6 19. c3 Bb6 20. Bb1 Rd8 21. Kg1 Bh5 22. Nh2 Ne5 23. Ndf3 Bxf3 24. Nxf3 Nxf3+ 25. gxf3 Qxf3 26. Qg2 Qf6 27. Bd3 Rd6 28. Re2 Re6 29. Rxe6 fxe6 30. Be2 Kg7 31. Qf3 Qe5 32. Kg2 Bc5 33. Bd3 b6 34. Qh5 Qf6 35. Qf3 Qxf3+ 36. Kxf3 h5 37. Bb5 Kf6 38. Bc6 Ke5 39. Be8 h4 40. gxh4 gxh4 41. Bg6 a5 42. a4 Kd6 43. Bh7 e5 44. Bf5 e4+ 45. Ke2 Ke5 46. Bh3 Be7 47. Bc8 Bg5 48. Kd1 Bf4 49. Bh3 Bh6 50. Bc8 Kf4 51. Ke2 Bg7 52. Be6 Ke5 53. Bh3 Kd6 54. Bg2 Bh6 55. Kd1 Kc5 56. b3 Bf4 57. Ke2 d4 58. cxd4+ Kxd4 59. Kf1 Kd3 60. Bh3 Kc3 61. Be6 Be5 62. Bd5 Kd4 63. Be6 e3 64. fxe3+ Kxe3 1/2-1/2

[Event "CZE-chT2C 2223"]
[Site "Czech Republic"]
[Date "2023.03.26"]
[Round "11.5"]
[White "Hlavina, Matous"]
[Black "Netusil, Miloslav"]
[Result "1/2-1/2"]
[WhiteElo "2091"]
[BlackElo "2156"]
[PlyCount "61"]
[EventDate "2022.10.16"]
[EventType "team-tourn"]
[EventRounds "11"]
[EventCountry "CZE"]
[SourceTitle "EXT 2024"]
[Source "ChessBase"]
[SourceDate "2023.10.10"]
[SourceVersion "1"]
[SourceVersionDate "2023.10.10"]
[SourceQuality "1"]
[WhiteTeam "Praha DDM"]
[BlackTeam "Vysehrad"]
[WhiteTeamCountry "CZE"]
[BlackTeamCountry "CZE"]

1. e4 e6 2. d4 d5 3. Nd2 Nf6 4. e5 Ne4 5. Nxe4 dxe4 6. Be3 c5 7. dxc5 Nd7 8. Ne2 Qc7 9. Nc3 Bxc5 10. Bxc5 Qxc5 11. Qd6 Qxe5 12. Qxe5 Nxe5 13. Nxe4 Ke7 14. f4 Ng4 15. Bd3 b6 16. 0-0 Bb7 17. Rae1 g6 18. h3 Nf6 19. Nxf6 Kxf6 20. Kf2 h5 21. h4 Rac8 22. g3 Bd5 23. a3 Bc4 24. Bxc4 Rxc4 25. c3 Rd8 26. Rd1 Rcc8 27. Rfe1 Kf5 28. Re5+ Kf6 29. Ree1 Kf5 30. Re5+ Kf6 31. Ree1 1/2-1/2

[Event "CZE-chT1W 2223"]
[Site "Czech Republic"]
[Date "2023.01.15"]
[Round "6.4"]
[White "Vitak, Jiri"]
[Black "Hlavina, Matous"]
[Result "1/2-1/2"]
[WhiteElo "2215"]
[BlackElo "2105"]
[PlyCount "81"]
[EventDate "2022.10.09"]
[EventType "team-tourn"]
[EventRounds "11"]
[EventCountry "CZE"]
[SourceTitle "CBM 213 Extra"]
[Source "ChessBase"]
[SourceDate "2023.05.31"]
[SourceVersion "1"]
[SourceVersionDate "2023.05.31"]
[SourceQuality "1"]
[WhiteTeam "Litomerice Slavoj"]
[BlackTeam "Ricany Betsys II"]
[WhiteTeamCountry "CZE"]
[BlackTeamCountry "CZE"]

1. d4 Nf6 2. c4 g6 3. Nc3 d5 4. Nf3 Bg7 5. Bf4 c6 6. e3 0-0 7. h3 h6 8. Rc1 Bf5 9. Qb3 Bc8 10. Ne5 e6 11. Be2 Nbd7 12. 0-0 Nb6 13. c5 Nbd7 14. Qc2 Nxe5 15. Bxe5 Ne8 16. Bxg7 Nxg7 17. b4 Qe7 18. f4 Nf5 19. Qd2 Kh7 20. Bd3 Qh4 21. Rf3 Bd7 22. Nd1 Rg8 23. Bb1 Qf6 24. Nb2 Rad8 25. Nd3 Qe7 26. g4 Nh4 27. Rff1 Kh8 28. Qf2 Rdf8 29. Kh2 g5 30. Rg1 f6 31. Rcf1 Be8 32. Nc1 e5 33. Ne2 e4 34. Rg3 a6 35. Bc2 Bg6 36. Bd1 Nf3+ 37. Kh1 Nd2 38. Rfg1 Nf3 39. Rf1 Nd2 40. Rfg1 Nf3 41. Rf1 1/2-1/2

[Event "CZE-chT1W 2223"]
[Site "Czech Republic"]
[Date "2022.12.11"]
[Round "5.3"]
[White "Karasek, Lukas"]
[Black "Hlavina, Matous"]
[Result "1/2-1/2"]
[WhiteElo "2238"]
[BlackElo "2105"]
[PlyCount "105"]
[EventDate "2022.10.09"]
[EventType "team-tourn"]
[EventRounds "11"]
[EventCountry "CZE"]
[SourceTitle "CBM 213 Extra"]
[Source "ChessBase"]
[SourceDate "2023.05.31"]
[SourceVersion "1"]
[SourceVersionDate "2023.05.31"]
[SourceQuality "1"]
[WhiteTeam "Gordic"]
[BlackTeam "Ricany Betsys II"]
[WhiteTeamCountry "CZE"]
[BlackTeamCountry "CZE"]

1. c4 Nf6 2. Nf3 c5 3. g3 g6 4. b3 Bg7 5. Bb2 b6 6. Bg2 Bb7 7. 0-0 0-0 8. Nc3 Ne4 9. Qc2 Nxc3 10. Bxc3 Bxc3 11. Qxc3 Nc6 12. Rad1 Qc7 13. e3 Qd6 14. d4 Qf6 15. Qd2 d6 16. d5 Ne5 17. Ne1 Qg7 18. f4 Nd7 19. e4 Rae8 20. Nf3 Bc8 21. Rde1 f6 22. Rf2 Nb8 23. h3 Nd7 24. Rfe2 Qh6 25. Kh2 Rd8 26. Qc3 Nb8 27. h4 Bg4 28. Bh3 Bxf3 29. Qxf3 Qg7 30. Be6+ Kh8 31. Qe3 Nd7 32. Kg2 h6 33. Qf3 Rfe8 34. Bxd7 Rxd7 35. e5 Rf8 36. exd6 exd6 37. Re6 f5 38. R1e2 h5 39. Qe3 Rff7 40. Qd2 Kh7 41. Qe1 Kh8 42. Kh3 Kh7 43. Re8 Rc7 44. Rd8 Rcd7 45. Rde8 Rc7 46. a4 Rb7 47. Rd8 Rbd7 48. Rxd7 Rxd7 49. Re8 Qf7 50. Qe6 Kg7 51. Kg2 Qxe6 52. Rxe6 Kf7 53. Kf2 1/2-1/2

[Event "CZE-ch U18/20"]
[Site "Spindleruv Mlyn"]
[Date "2022.03.19"]
[Round "11"]
[White "Hlavina, Matous"]
[Black "Mladek, Richard"]
[Result "0-1"]
[WhiteElo "2112"]
[BlackElo "2374"]
[PlyCount "94"]
[EventDate "2022.03.10"]
[EventType "tourn"]
[EventRounds "11"]
[EventCountry "CZE"]
[EventCategory "2"]
[SourceTitle "CBM 207 Extra"]
[Source "ChessBase"]
[SourceDate "2022.05.31"]
[SourceVersion "1"]
[SourceVersionDate "2022.05.31"]
[SourceQuality "1"]

1. e4 Nf6 2. e5 Ng8 3. d4 d6 4. exd6 cxd6 5. Bd3 Nf6 6. Nf3 g6 7. 0-0 Bg7 8. h3 0-0 9. c3 Nc6 10. Re1 Qc7 11. Bf4 Re8 12. Bh2 Bd7 13. Nbd2 Rab8 14. a4 e5 15. dxe5 Nxe5 16. Nxe5 dxe5 17. Nf3 Nh5 18. Qc2 Rbd8 19. Rad1 Qa5 20. Bc4 Bxa4 21. Rxd8 Rxd8 22. b3 Bb5 23. Bxb5 Qxb5 24. Bxe5 Bxe5 25. Nxe5 Qd5 26. c4 Qd2 27. Qxd2 Rxd2 28. g3 Rb2 29. Re3 Ng7 30. Nd7 Ne6 31. Rd3 b6 32. Kg2 Kg7 33. h4 f6 34. Rc3 Rd2 35. Nb8 Nc5 36. Nc6 a5 37. Rf3 Rb2 38. Nd4 f5 39. h5 Kf6 40. g4 f4 41. Rxf4+ Ke5 42. Kf3 Rxf2+ 43. Kxf2 Kxf4 44. hxg6 hxg6 45. g5 Ke4 46. Nc6 Nxb3 47. Ke2 Nd4+ 0-1

[Event "CZE-ch U18/20"]
[Site "Spindleruv Mlyn"]
[Date "2022.03.14"]
[Round "6"]
[White "Hlavina, Matous"]
[Black "Stalmach, Richard"]
[Result "1/2-1/2"]
[WhiteElo "2112"]
[BlackElo "2302"]
[PlyCount "59"]
[EventDate "2022.03.10"]
[EventType "tourn"]
[EventRounds "11"]
[EventCountry "CZE"]
[EventCategory "2"]
[SourceTitle "CBM 207 Extra"]
[Source "ChessBase"]
[SourceDate "2022.05.31"]
[SourceVersion "1"]
[SourceVersionDate "2022.05.31"]
[SourceQuality "1"]

1. b3 e5 2. Bb2 Nc6 3. c4 g6 4. Nf3 Bg7 5. e3 d6 6. Be2 Nge7 7. d4 0-0 8. Nc3 a6 9. Qd2 Bg4 10. Nxe5 dxe5 11. Bxg4 exd4 12. exd4 Nxd4 13. 0-0-0 c5 14. Rhe1 Nec6 15. Nd5 b5 16. Be2 a5 17. cxb5 Qxd5 18. Bf3 Qd6 19. Bxc6 Ra7 20. Kb1 a4 21. b4 Qxh2 22. g3 Qh5 23. bxc5 Nxc6 24. Bxg7 Kxg7 25. Qc3+ Kg8 26. bxc6 Rc7 27. Rd6 Qf5+ 28. Ka1 Qxf2 29. Red1 Qe2 30. Rd8 1/2-1/2

[Event "CZE-ch U18/20"]
[Site "Spindleruv Mlyn"]
[Date "2022.03.13"]
[Round "4"]
[White "Hlavina, Matous"]
[Black "Babula, Vlastimil1111"]
[Result "1/2-1/2"]
[WhiteElo "2112"]
[BlackElo "2240"]
[PlyCount "52"]
[EventDate "2022.03.10"]
[EventType "tourn"]
[EventRounds "11"]
[EventCountry "CZE"]
[EventCategory "2"]
[SourceTitle "CBM 207 Extra"]
[Source "ChessBase"]
[SourceDate "2022.05.31"]
[SourceVersion "1"]
[SourceVersionDate "2022.05.31"]
[SourceQuality "1"]

1. b3 e5 2. Bb2 Nc6 3. c4 Nf6 4. Nc3 g6 5. e3 Bg7 6. Nge2 0-0 7. d4 d6 8. h3 Re8 9. dxe5 dxe5 10. g4 Nb4 11. Ng3 c6 12. a3 Na6 13. Qxd8 Rxd8 14. b4 h6 15. Be2 Be6 16. Rd1 Nc7 17. 0-0 Nd7 18. Nge4 Nb6 19. Nd6 Rab8 20. Nce4 Ne8 21. Ba1 Nxd6 22. Nxd6 Nc8 23. Ne4 Nb6 24. Nd6 Nc8 25. Ne4 Nb6 26. Nd6 Nc8 1/2-1/2

[Event "EU-ch Blitz"]
[Site "Katowice"]
[Date "2021.12.17"]
[Round "19"]
[White "Hlavina, Matous"]
[Black "Dzierzak, Radoslaw"]
[Result "1/2-1/2"]
[WhiteElo "2125"]
[BlackElo "2264"]
[PlyCount "87"]
[EventDate "2021.12.17"]
[EventType "swiss (blitz)"]
[EventRounds "22"]
[EventCountry "POL"]
[SourceTitle "CBM 205 Extra"]
[Source "ChessBase"]
[SourceDate "2022.01.31"]
[SourceVersion "1"]
[SourceVersionDate "2022.01.31"]
[SourceQuality "1"]

1. e4 c5 2. Nf3 Nc6 3. d4 cxd4 4. Nxd4 e6 5. Nxc6 bxc6 6. Bd3 Nf6 7. 0-0 e5 8. Kh1 d6 9. Qe2 Be7 10. f4 exf4 11. Bxf4 Ng4 12. Nd2 0-0 13. Nf3 Bf6 14. c3 Ne5 15. Nxe5 dxe5 16. Be3 Be6 17. Bc4 Qe7 18. Bxe6 Qxe6 19. b3 a5 20. c4 a4 21. h3 Rfb8 22. Qc2 Be7 23. Rab1 axb3 24. axb3 Ra3 25. Rfd1 Rba8 26. Rb2 h6 27. Qd3 Rd8 28. Qc2 Rxd1+ 29. Qxd1 Qg6 30. Qf3 Bg5 31. Bxg5 Qxg5 32. Rb1 Ra2 33. Rf1 f6 34. Rf2 Ra1+ 35. Rf1 Ra2 36. Rf2 Ra1+ 37. Rf1 Ra3 38. Rd1 Ra2 39. Rf1 Qd2 40. Qg4 Rb2 41. Qc8+ Kh7 42. Qf5+ Kh8 43. Qc8+ Kh7 44. Qf5+ 1/2-1/2

[Event "CZE-chT1W 2122"]
[Site "Czech Republic"]
[Date "2021.10.31"]
[Round "2.5"]
[White "Neckar, Lubomir"]
[Black "Hlavina, Matous"]
[Result "1/2-1/2"]
[WhiteElo "2277"]
[BlackElo "2126"]
[PlyCount "140"]
[EventDate "2021.10.10"]
[EventType "team-tourn"]
[EventRounds "11"]
[EventCountry "CZE"]
[SourceTitle "EXT 2023"]
[Source "ChessBase"]
[SourceDate "2022.10.05"]
[SourceVersion "1"]
[SourceVersionDate "2022.10.05"]
[SourceQuality "1"]
[WhiteTeam "Lysa nad Labem III"]
[BlackTeam "Ricany Betsys"]
[WhiteTeamCountry "CZE"]
[BlackTeamCountry "CZE"]

1. Nf3 Nf6 2. g3 g6 3. Bg2 Bg7 4. c4 d5 5. cxd5 Nxd5 6. d4 Nb6 7. Nc3 0-0 8. 0-0 Nc6 9. e3 e5 10. d5 Ne7 11. e4 h6 12. Qb3 Kh7 13. Rd1 f5 14. exf5 Nxf5 15. Ne4 Nd6 16. Nh4 Bg4 17. Re1 Nbc8 18. h3 Nxe4 19. Bxe4 Bf5 20. Nxf5 gxf5 21. Bg2 Nd6 22. Be3 Qd7 23. Rac1 Rac8 24. Bc5 a6 25. Rc2 Kh8 26. Rec1 e4 27. Qe3 b5 28. Qf4 Rfe8 29. b3 Nf7 30. Be3 Ne5 31. Qh4 Kh7 32. g4 Rg8 33. Kh1 Nf3 34. Bxf3 exf3 35. g5 c5 36. Rxc5 Rxc5 37. Rxc5 Bf8 38. Rc6 Rg6 39. Rxg6 Kxg6 40. gxh6 Qxd5 41. h7 Qd1+ 42. Kh2 Bd6+ 43. Bf4 Bxf4+ 44. Qxf4 Kxh7 45. Qxf5+ Kh6 46. Kg3 Qg1+ 47. Kxf3 Qh1+ 48. Ke2 Qa1 49. Qe6+ Kh5 50. Qxa6 Qe5+ 51. Kd3 Qd5+ 52. Kc2 Qc5+ 53. Kb1 Qf5+ 54. Kc1 Qc5+ 55. Kd1 Qd4+ 56. Ke2 Qe5+ 57. Kf3 Qf5+ 58. Kg2 Qe4+ 59. f3 Qe2+ 60. Kg3 Qe5+ 61. Kf2 Qd4+ 62. Ke2 Qe5+ 63. Kf1 Qa1+ 64. Kf2 Qd4+ 65. Ke2 Qe5+ 66. Kd1 Qd4+ 67. Kc2 Qc5+ 68. Kd3 Qd5+ 69. Ke2 Qe5+ 70. Kf1 Qa1+ 1/2-1/2

[Event "Pardubice Czech op-A 32nd"]
[Site "Pardubice"]
[Date "2021.07.27"]
[Round "5"]
[White "Hlavina, Matous"]
[Black "Kjartansson, Gudmundur"]
[Result "1-0"]
[WhiteElo "2122"]
[BlackElo "2496"]
[PlyCount "101"]
[EventDate "2021.07.23"]
[EventType "swiss"]
[EventRounds "9"]
[EventCountry "CZE"]
[SourceTitle "CBM 203 Extra"]
[Source "ChessBase"]
[SourceDate "2021.09.30"]
[SourceVersion "1"]
[SourceVersionDate "2021.09.30"]
[SourceQuality "1"]

1. e4 c5 2. Nf3 d6 3. d4 cxd4 4. Nxd4 Nf6 5. Nc3 a6 6. Be2 e5 7. Nb3 Be7 8. Bg5 Be6 9. Bxf6 Bxf6 10. Qd3 Be7 11. 0-0 Nd7 12. Nd5 Nf6 13. Nxf6+ Bxf6 14. Rad1 Be7 15. Nc1 Rc8 16. c3 0-0 17. Qb1 Qa5 18. Rd2 b5 19. Nd3 Qxa2 20. Qxa2 Bxa2 21. Nb4 Bc4 22. Nxa6 Bg5 23. Bxc4 Bxd2 24. Bxb5 Bg5 25. Rd1 Be7 26. g3 Ra8 27. Nb4 Ra5 28. Bc6 Rc8 29. Kg2 Kf8 30. Kf3 Rc7 31. Bd5 Rca7 32. Nc2 g6 33. h4 Kg7 34. b4 Rb5 35. c4 Rb8 36. b5 Ra4 37. Ne3 Bd8 38. Bc6 Bc7 39. b6 Ra3 40. bxc7 Rc8 41. Rxd6 Rxc7 42. Bd5 h5 43. Rb6 Rc3 44. Ke2 Ra3 45. Rb5 Ra2+ 46. Kf3 Ra3 47. c5 Rc3 48. c6 Kf8 49. Rb7 R3xc6 50. Bxc6 Rxc6 51. Rb5 1-0

[Event "Prague Futures 3rd"]
[Site "Prague"]
[Date "2021.06.19"]
[Round "6"]
[White "Hlavina, Matous"]
[Black "Balint, Peter1111"]
[Result "1-0"]
[WhiteElo "2119"]
[BlackElo "1978"]
[PlyCount "49"]
[EventDate "2021.06.14"]
[EventType "tourn"]
[EventRounds "7"]
[EventCountry "CZE"]
[SourceTitle "CBM 203 Extra"]
[Source "ChessBase"]
[SourceDate "2021.09.30"]
[SourceVersion "1"]
[SourceVersionDate "2021.09.30"]
[SourceQuality "1"]

1. e4 e5 2. Nf3 Nc6 3. d4 exd4 4. Nxd4 Nf6 5. Nxc6 bxc6 6. e5 Qe7 7. Qe2 Nd5 8. h4 a5 9. g3 Ba6 10. c4 Nb6 11. b3 0-0-0 12. Bh3 Re8 13. Bb2 Kb8 14. 0-0 d5 15. Nd2 g6 16. Rac1 Bg7 17. Rfe1 h5 18. f4 Rhf8 19. Qf2 dxc4 20. Nxc4 Nxc4 21. bxc4 Bb7 22. Bd4 Rd8 23. Bc5 Qe8 24. Rb1 Ka8 25. Qb2 1-0

[Event "Prague Futures 3rd"]
[Site "Prague"]
[Date "2021.06.17"]
[Round "4"]
[White "Hlavina, Matous"]
[Black "Vojta, Jakub"]
[Result "1/2-1/2"]
[WhiteElo "2119"]
[BlackElo "2111"]
[PlyCount "72"]
[EventDate "2021.06.14"]
[EventType "tourn"]
[EventRounds "7"]
[EventCountry "CZE"]
[SourceTitle "CBM 203 Extra"]
[Source "ChessBase"]
[SourceDate "2021.09.30"]
[SourceVersion "1"]
[SourceVersionDate "2021.09.30"]
[SourceQuality "1"]

1. e4 c5 2. Nf3 Nc6 3. d4 cxd4 4. Nxd4 Nf6 5. Nc3 e5 6. Ndb5 d6 7. Bg5 a6 8. Na3 b5 9. Nd5 Be7 10. Bxf6 Bxf6 11. c3 0-0 12. Nc2 Rb8 13. Be2 Bg5 14. 0-0 Kh8 15. Qd3 f5 16. Bf3 g6 17. Rad1 Bb7 18. Ndb4 Ne7 19. exf5 Bxf3 20. Qxf3 Rc8 21. f6 Rxf6 22. Qd3 a5 23. Nd5 Nxd5 24. Qxd5 Qb6 25. Ne1 Rcf8 26. Nf3 h5 27. Kh1 Bf4 28. Rd3 Kg7 29. h4 Qa7 30. g3 Bh6 31. Kg2 R8f7 32. Qe4 Qc5 33. Rd5 Qb6 34. Rd3 Qc5 35. Rd5 Qa7 36. Rd3 Qc5 1/2-1/2

[Event "Prague Futures 3rd"]
[Site "Prague"]
[Date "2021.06.16"]
[Round "3"]
[White "Paseka, Matyas"]
[Black "Hlavina, Matous"]
[Result "1/2-1/2"]
[WhiteElo "2069"]
[BlackElo "2119"]
[PlyCount "98"]
[EventDate "2021.06.14"]
[EventType "tourn"]
[EventRounds "7"]
[EventCountry "CZE"]
[SourceTitle "CBM 203 Extra"]
[Source "ChessBase"]
[SourceDate "2021.09.30"]
[SourceVersion "1"]
[SourceVersionDate "2021.09.30"]
[SourceQuality "1"]

1. e4 e6 2. d4 d5 3. Nd2 c5 4. exd5 Qxd5 5. Ngf3 cxd4 6. Bc4 Qd6 7. 0-0 Nf6 8. Nb3 Nc6 9. Nbxd4 Nxd4 10. Nxd4 Be7 11. c3 0-0 12. Bg5 Qc5 13. Bxf6 Bxf6 14. Bd3 Rd8 15. Qc2 g6 16. Nf3 Bd7 17. Rad1 Qa5 18. Bc4 Rac8 19. Bb3 Qh5 20. Nd2 Bc6 21. Ne4 Be7 22. Rfe1 a5 23. a4 Kg7 24. f3 e5 25. Qe2 Qh4 26. Qf2 f5 27. Qxh4 Bxh4 28. Nc5 Rxd1 29. Rxd1 Re8 30. Bd5 Be7 31. Nxb7 Bxb7 32. Bxb7 Rb8 33. Rd7 Kf6 34. Kf1 h6 35. b3 Ke6 36. Rc7 Kd6 37. Rc6+ Kd7 38. Rb6 Bd6 39. Rb5 Kc7 40. Ba6 Rxb5 41. Bxb5 e4 42. fxe4 fxe4 43. Ke2 Bxh2 44. Ke3 Be5 45. c4 Kd6 46. Kxe4 Bc3 47. Be8 g5 48. Kf5 Kc5 49. Kg6 Bd2 1/2-1/2

[Event "Pardubice Czech op-A 31st"]
[Site "Pardubice"]
[Date "2020.09.26"]
[Round "7"]
[White "Hlavina, Matous"]
[Black "Storme, Isak"]
[Result "0-1"]
[WhiteElo "1973"]
[BlackElo "2353"]
[PlyCount "54"]
[EventDate "2020.09.21"]
[EventType "swiss"]
[EventRounds "9"]
[EventCountry "CZE"]
[SourceTitle "CBM 198 Extra"]
[Source "ChessBase"]
[SourceDate "2020.11.30"]
[SourceVersion "1"]
[SourceVersionDate "2020.11.30"]
[SourceQuality "1"]

1. e4 e5 2. Nf3 Nc6 3. d4 exd4 4. Nxd4 Nf6 5. Nxc6 bxc6 6. e5 Nd5 7. c4 Bb4+ 8. Bd2 Bxd2+ 9. Nxd2 Nb6 10. Bd3 d6 11. exd6 Qxd6 12. Nf3 Qb4+ 13. Qd2 Qxd2+ 14. Nxd2 0-0 15. 0-0-0 Be6 16. b3 a5 17. Kc2 a4 18. b4 a3 19. f4 g6 20. Rhe1 Rfd8 21. g3 Na4 22. Be4 Nb2 23. Rc1 Rab8 24. Bxc6 Rxb4 25. Bd5 Bf5+ 26. Kc3 c5 27. Nb3 Rxc4+ 0-1

[Event "Pardubice Czech op-A 31st"]
[Site "Pardubice"]
[Date "2020.09.26"]
[Round "6"]
[White "Humburg, Philipp"]
[Black "Hlavina, Matous"]
[Result "0-1"]
[WhiteElo "2291"]
[BlackElo "1973"]
[PlyCount "160"]
[EventDate "2020.09.21"]
[EventType "swiss"]
[EventRounds "9"]
[EventCountry "CZE"]
[SourceTitle "CBM 198 Extra"]
[Source "ChessBase"]
[SourceDate "2020.11.30"]
[SourceVersion "1"]
[SourceVersionDate "2020.11.30"]
[SourceQuality "1"]

1. e4 e6 2. d4 d5 3. Nd2 Nc6 4. Ngf3 Nf6 5. e5 Nd7 6. c3 f6 7. exf6 Qxf6 8. Bb5 Bd6 9. Nb3 0-0 10. Be3 e5 11. dxe5 Ndxe5 12. Nxe5 Nxe5 13. Be2 c6 14. Qd4 Bf5 15. 0-0-0 a5 16. Nd2 b5 17. g4 Bg6 18. f4 Nd3+ 19. Bxd3 Qxd4 20. Bxd4 Bxd3 21. Be5 Bxe5 22. fxe5 b4 23. Rhe1 bxc3 24. bxc3 Rf2 25. Re3 Bg6 26. h4 Rb8 27. Rde1 c5 28. h5 d4 29. cxd4 cxd4 30. R3e2 Rc8+ 31. Kb2 Rc2+ 32. Ka3 Bf7 33. e6 Bxe6 34. Rxe6 Rcxd2 35. Re8+ Kf7 36. g5 Rf3+ 37. Ka4 Rxa2+ 38. Kb5 Rf5+ 39. Kc6 Rxg5 40. Kd6 Rxh5 41. R8e7+ Kf6 42. Rf1+ Rf5 43. Re6+ Kg5 44. Rg1+ Kf4 45. Rf1+ Kg4 46. Re4+ Kg5 47. Rg1+ Kh6 48. Rh4+ Rh5 49. Rxd4 Rf2 50. Re1 Rhh2 51. Rde4 g6 52. Ke6 Rf5 53. Rb1 Kh5 54. Rb7 h6 55. Rb3 Rh4 56. Re2 a4 57. Rg3 Rff4 58. Re5+ g5 59. Ra5 Rh1 60. Re3 Kh4 61. Ree5 Rhf1 62. Kd6 R1f3 63. Re6 h5 64. Ree5 Rg3 65. Re1 a3 66. Ke5 Kg4 67. Ke6 h4 68. Ree5 Kh3 69. Rxg5 Rxg5 70. Rxg5 Ra4 71. Rg1 a2 72. Ra1 Kg2 73. Kd5 h3 74. Kc5 h2 75. Kb5 Ra8 76. Kb4 h1Q 77. Rxa2+ Rxa2 78. Kc4 Qh4+ 79. Kd3 Ra3+ 80. Ke2 Qf2+ 0-1

[Event "Pardubice Czech op-A 31st"]
[Site "Pardubice"]
[Date "2020.09.21"]
[Round "1"]
[White "Hlavina, Matous"]
[Black "Simek, Petr1111"]
[Result "1/2-1/2"]
[WhiteElo "1973"]
[BlackElo "2289"]
[PlyCount "108"]
[EventDate "2020.09.21"]
[EventType "swiss"]
[EventRounds "9"]
[EventCountry "CZE"]
[SourceTitle "CBM 198 Extra"]
[Source "ChessBase"]
[SourceDate "2020.11.30"]
[SourceVersion "1"]
[SourceVersionDate "2020.11.30"]
[SourceQuality "1"]

1. e4 c5 2. Nf3 Nc6 3. d4 cxd4 4. Nxd4 Nf6 5. Nc3 e5 6. Ndb5 d6 7. Bg5 a6 8. Na3 b5 9. Nd5 Be7 10. Bxf6 Bxf6 11. c4 b4 12. Nc2 0-0 13. g3 a5 14. b3 Bg5 15. Bg2 Be6 16. 0-0 Qb8 17. Kh1 Bd8 18. f4 f6 19. Qh5 Kh8 20. Bh3 Bf7 21. Qe2 Bb6 22. Nxb6 Qxb6 23. Rad1 Rfd8 24. Qf2 Qc7 25. Rd2 Bg6 26. Bg2 Re8 27. Rfd1 Rad8 28. f5 Bf7 29. Rd3 Nb8 30. Qd2 Bh5 31. Bf3 Bxf3+ 32. Rxf3 Rd7 33. Rd3 Red8 34. Rd5 Na6 35. Kg2 Nc5 36. Kf3 Qb7 37. Qe3 Kg8 38. Ne1 a4 39. Nd3 axb3 40. Nxc5 dxc5 41. axb3 Qa7 42. R1d3 Kf7 43. Qd2 Ke7 44. Ke3 Rxd5 45. Rxd5 Rd7 46. Rxd7+ Qxd7 47. Qd5 Qd6 48. g4 Kd7 49. h4 h6 50. Qf7+ Kc6 51. Qd5+ Kd7 52. Qxd6+ Kxd6 53. Kf3 Ke7 54. h5 Kd6 1/2-1/2

[Event "CZE-ch U14"]
[Site "Kouty nad Desnou"]
[Date "2020.03.09"]
[Round "3"]
[White "Stocek, Martin"]
[Black "Hlavina, Matous"]
[Result "0-1"]
[WhiteElo "1772"]
[BlackElo "1986"]
[PlyCount "114"]
[EventDate "2020.03.07"]
[EventType "swiss"]
[EventRounds "7"]
[EventCountry "CZE"]
[SourceTitle "CBM 195 Extra"]
[Source "ChessBase"]
[SourceDate "2020.05.31"]
[SourceVersion "1"]
[SourceVersionDate "2020.05.31"]
[SourceQuality "1"]

1. d4 f5 2. Bg5 Nf6 3. Bxf6 exf6 4. e3 d5 5. c4 c6 6. Nc3 Be6 7. Qb3 Qd7 8. cxd5 cxd5 9. Bb5 Nc6 10. Rc1 Rc8 11. Na4 a6 12. Nb6 Qd8 13. Bxc6+ Rxc6 14. Rxc6 bxc6 15. Ne2 Bd6 16. Na4 0-0 17. Qc3 Qc7 18. Nc5 Bc8 19. g3 Qf7 20. Nf4 g5 21. Nfd3 Qh5 22. Qc1 Re8 23. Qd1 Qg6 24. Kd2 Re7 25. Qa4 Qe8 26. Qb3 Bc7 27. Qa4 f4 28. Re1 Bd6 29. b4 Kg7 30. a3 fxg3 31. hxg3 h5 32. Rh1 Ra7 33. Qc2 a5 34. Qa4 Bc7 35. Qb3 Bg4 36. Rg1 Bd7 37. Rh1 Bg4 38. Rg1 axb4 39. axb4 Qa8 40. Rb1 Ra3 41. Qc2 Ra2 42. Rb2 Ra1 43. f3 Bf5 44. e4 dxe4 45. fxe4 Bg4 46. e5 fxe5 47. dxe5 Rg1 48. Qc4 Rg2+ 49. Kc3 Qa3+ 50. Qb3 Qxb3+ 51. Rxb3 Rxg3 52. Kd4 h4 53. Rb1 h3 54. Rh1 Kf7 55. Nf2 Bf5 56. Nce4 Bb6+ 57. Kc4 Be6# 0-1

[Event "CZE-ch U14"]
[Site "Kouty nad Desnou"]
[Date "2020.03.07"]
[Round "1"]
[White "Mrazek, Roman1111"]
[Black "Hlavina, Matous"]
[Result "1-0"]
[WhiteElo "1545"]
[BlackElo "1986"]
[PlyCount "73"]
[EventDate "2020.03.07"]
[EventType "swiss"]
[EventRounds "7"]
[EventCountry "CZE"]
[SourceTitle "CBM 195 Extra"]
[Source "ChessBase"]
[SourceDate "2020.05.31"]
[SourceVersion "1"]
[SourceVersionDate "2020.05.31"]
[SourceQuality "1"]

1. d4 Nf6 2. Bf4 g6 3. e3 Bg7 4. h3 d6 5. Nf3 c5 6. c3 Qb6 7. Qb3 Qc7 8. Nbd2 0-0 9. Bd3 Be6 10. Qd1 Nd5 11. Bh2 cxd4 12. exd4 a6 13. 0-0 Qc8 14. Re1 Nc6 15. Qe2 Bf5 16. Ne4 h5 17. Rad1 b5 18. Bb1 Na5 19. Nh4 Bd7 20. Ng5 Bh6 21. Nxf7 Kxf7 22. Bxg6+ Kg7 23. Qxh5 e6 24. Bxd6 Nc4 25. Bxf8+ Qxf8 26. Be4 Be8 27. Qg4+ Kh8 28. Qxe6 Bf7 29. Qf5 Qg7 30. Bxd5 Bxd5 31. Qxd5 Rg8 32. Nf5 Qg5 33. Ne3 Qg7 34. Nxc4 bxc4 35. Qe5 Bf4 36. Qxg7+ Rxg7 37. d5 1-0